000 01345cam a22003495a 4500
001 13325653
003 OSt
005 20140310184329.0
008 030827r20031987nyua c 000 1 eng
010 _a 2003276678
020 _a0439441420
040 _aDLC
_cDLC
_dDLC
042 _alcac
050 _aPZ 7
_b.F5992Wh 2002
100 1 _aFleischman, Sid,
_d1920-2010.
_923759
245 1 4 _aThe whipping boy /
_cSid Fleischman ; illustrations by Peter Sís.
250 _a1st Harper Trophy ed.
260 _aNew York, NY :
_bScholastic, Inc.,
_c2002.
300 _a90 p. :
_bill. ;
_c20 cm.
520 _aA bratty prince and his whipping boy have many adventures when they inadvertently trade places after becoming involved with dangerous outlaws.
521 _aG3
526 _c570
650 1 _aRobbers and outlaws
_vFiction.
_923760
650 1 _aAdventure and adventurers
_vFiction.
_923761
700 1 _aSís, Peter,
_d1949-
_eill.
_923762
856 4 2 _3Publisher description
_uhttp://www.loc.gov/catdir/description/hc041/2003276678.html
856 4 2 _3Contributor biographical information
_uhttp://www.loc.gov/catdir/enhancements/fy0910/2003276678-b.html
906 _a7
_bcbc
_corigcop
_d2
_encip
_f20
_gy-gencatlg
942 _2lcc
_cBK-SCHOLAS
999 _c33642
_d33642